00592 2200217 4500001002100000005001500021007000300036008004100039020001800080035002000098082000800118084001400126100002000140245007100160260004400231300002100275650002400296700002400320856001400344990001600358INLIS00000000000408420260205110226ta260205 g 0 ind  a9786027056916 a0010-0222000002 a650 a650 AND p0 aAndri Feriyanto1 aPengantar Manajemen 3 IN 1 /cAndri Feriyanto, Endang shyta triana aYogyakarta :bPustaka Baru Press,c2021 ax,182p. ;c23cm. 4aPengantar Manajemen0 aEndang shyta triana aManajemen a00000008130